000 00281nam a2200109 a 4500
008 101213s1989|||| d
245 1 0 _aPríručka neprofesionálneho kjnihovníka
260 _bMatica slovenská
_aBratislava
_c1989
020 _c17
041 _aslo
044 _axo
_cSK
999 _c15154
_d15154